000
00262nam a22001217a 4500
008
170306b xxu||||| |||| 00| 0 eng d
041
_a
eng
080
_2
7 ED
_a
611
100
_a
6
101
_a
SHM
245
_a
PRIMARY ANATOMY
_c
BASMAJLAN.J.V
942
_2
udc
_c
BK
999
_c
6926
_d
6926